| 000 | 00670nam a22002057a 4500 | ||
|---|---|---|---|
| 005 | 20230925155432.0 | ||
| 010 | _aENG-117010 ENG-137124 | ||
| 020 |
_a9788182748934 _c995.00 |
||
| 035 | _aEN-100542 EN-120656 | ||
| 037 | _bDBAD/PUB | ||
| 082 | _a352.16 | ||
| 245 |
_aSmart cities: _bTransforming India/ _cEdited by Omji Gupta, Devesh Ranjan and Gaurav Sankalp ; forwared by M.P. Dube |
||
| 300 |
_axvi,278p.: _bill _c24cm (pbk) |
||
| 500 | _aIncludes references and index | ||
| 700 |
_aGupta, Omji _957396 |
||
| 700 |
_aDevesh Ranjan _957397 |
||
| 700 |
_aGaurav Sankalp _957398 |
||
| 700 |
_aDube,M.P. _957399 |
||
| 942 |
_2ddc _cEN _h352.16 _mSMA |
||
| 999 |
_c105794 _d105794 |
||